Cam Jansen and the mystery of the dinosaur bones / (Record no. 4298)

MARC details
000 -LEADER
fixed length control field 01158cam a2200325 i 4500
001 - CONTROL NUMBER
control field 4298
003 - CONTROL NUMBER IDENTIFIER
control field FISKH
005 - DATE AND TIME OF LATEST TRANSACTION
control field 20240715083124.0
008 - FIXED-LENGTH DATA ELEMENTS--GENERAL INFORMATION
fixed length control field 801003s1981 nyua j 000 1 eng
010 ## - LIBRARY OF CONGRESS CONTROL NUMBER
LC control number 80025132
020 ## - INTERNATIONAL STANDARD BOOK NUMBER
International Standard Book Number 0670200409
020 ## - INTERNATIONAL STANDARD BOOK NUMBER
International Standard Book Number 9780590461238
040 ## - CATALOGING SOURCE
Original cataloging agency DLC
Transcribing agency DLC
Modifying agency DLC
Language of cataloging eng
050 ## - LIBRARY OF CONGRESS CALL NUMBER
Classification number PZ7.A2615
082 ## - DEWEY DECIMAL CLASSIFICATION NUMBER
Classification number 813.54
100 1# - MAIN ENTRY--PERSONAL NAME
Personal name Adler, David A.
245 10 - TITLE STATEMENT
Title Cam Jansen and the mystery of the dinosaur bones /
Statement of responsibility, etc. David A. Adler ; illustrated by Susanna Natti.
260 ## - PUBLICATION, DISTRIBUTION, ETC.
Place of publication, distribution, etc. New York :
Name of publisher, distributor, etc. Scholastic,
Date of publication, distribution, etc. 1981.
300 ## - PHYSICAL DESCRIPTION
Extent 56 pages :
Other physical details illustrations ;
Dimensions 20 cm
490 1# - SERIES STATEMENT
Series statement A Cam Jansen adventure ;
Volume/sequential designation Book 3
505 ## - FORMATTED CONTENTS NOTE
Formatted contents note O<br/>
520 ## - SUMMARY, ETC.
Summary, etc. When she notices some bones missing from a dinosaur skeleton exhibited in the museum, a young girl with a photographic memory tries to discover who has been taking them and why.
521 8# - TARGET AUDIENCE NOTE
Target audience note 610<br/>
Source Lexile <br/>
521 8# - TARGET AUDIENCE NOTE
Target audience note O<br/>
Source Raz-Plus<br/>
650 #1 - SUBJECT ADDED ENTRY--TOPICAL TERM
Topical term or geographic name entry element Mystery and detective stories.
700 1# - ADDED ENTRY--PERSONAL NAME
Personal name Natti, Susanna.
Relator term illustrator
800 1# - SERIES ADDED ENTRY--PERSONAL NAME
Personal name Adler, David A.
Title of a work Cam Jansen adventure ;
Volume/sequential designation 3.
906 ## - LOCAL DATA ELEMENT F, LDF (RLIN)
a 7
b cbc
c orignew
d 1
e ocip
f 19
g y-gencatlg
942 ## - ADDED ENTRY ELEMENTS (KOHA)
Source of classification or shelving scheme Dewey Decimal Classification
Koha item type Books
Suppress in OPAC No
Holdings
Withdrawn status Lost status Source of classification or shelving scheme Damaged status Not for loan Collection Home library Current library Shelving location Date acquired Total Checkouts Full call number Barcode Date last seen Price effective from Koha item type
    Dewey Decimal Classification     Juvenile Fiction Footprints International School Library Network Toul Kork Campus Footprints International School Library Network Toul Kork Campus TK Primary Library Room(4th Floor), Bookcase 3&4, Shelves 17-32, Yellow Books 07/15/2024   ADL 813.54 PZ7.A2615 FISTK00246 07/15/2024 07/15/2024 Books